000 00935nac a22002777a 4500
001 BR0103119
003 BR-BrBNA
005 20240105122544.0
008 230509b bl.|||m| |||| 00| 0 por d
040 _aBR-BrBNA
_bpor
_cBiblioteca Nacional de Agricultura
072 _aH10
090 _a0230 BR0103119
100 1 _aRibemboim, J.A.
110 1 _aComissao Executiva de Defesa Fitossanitaria da Lavoura Canavieira de Pernambuco, Recife (Brasil)
_92085
245 1 _aUma provavel linhagem da cigarrinha da folha da cana, Mahanarva posticata (Stal), resistente ao BHC
260 3 _aRecife, PE (Brasil):
_c1973.
300 _a13 p.
490 _aBoletim Tecnico da CODECAP (Brazil)
_vno. 2
_x
500 _aSummaries (En, Pt); 9 ref.
650 _aCana de Acucar
650 _aCigarrinha
650 _aInseticida
650 _aControle Quimico
909 _a202312
_bLúcia Elande
_c55
_dLúcia Elande
942 _2AGRIS
_n0
_cMS
999 _c291632
_d291632